| 000 | 00770nam a2200217Ii 4500 | ||
|---|---|---|---|
| 003 | JO-AjNU | ||
| 008 | 230605s9999||||xx |||||||||||||| ||und|| | ||
| 017 | _a2009/3/531 | ||
| 040 |
_aJO-AjNU _bara _erda _cJO-AjNU |
||
| 041 | _aara | ||
| 050 | 1 | 4 | _aPJ7653.A563 2009 |
| 100 | 3 |
_aإعداد العنابي،زهر؛ إعداد طارق هياجنة, _eauthor _950583 |
|
| 245 | 0 | 0 | _aالرسالة الجامعية، ج3 |
| 250 | _aط1 | ||
| 264 | 3 | 1 | _aعمان:دار ابن بطوطة للنشر والتوزيع،2009 |
| 300 | _aج3، 368ص | ||
| 336 |
_atext _btxt _2rdacontent |
||
| 337 |
_aunmediated _bn _2rdamedia |
||
| 338 |
_avolume _bnc _2rdacarrier |
||
| 650 | 4 |
_aالرسالة الجامعية-النقد الادبي-التحليل الادبي _950584 |
|
| 999 |
_aA22291 _c25859 _d25859 |
||